1063 1268 1213 1447 1280 1307 1118 1110 1223 1207 1805 1337 1526 1465 1539 1066 1712 1503 1295 1033 1255 1602 1710 1772 1385 1467 1000 1796 1950 1245 1494 1090 1647 1130 1544 1518 1504 1172 1833 1147 1922 1408 1418 1448 1464 1856 1005 1164 1539 1595 1459 1883 1232 1177 1999 1281 1939 1843 1893 1724 1985 1316 1526 1644 1776 1148 1351 1198 1086 1647 1700 1006 1618 1995 1141 1869 1298 1116 1665 1889 1999 1677 1068 1933 1250 1241 1508 1588 1097 1637 1301 1364 1690 1422 1241 1796 1347 1590 1347 BCNSPRNW ULIB Ver.6.0+V

เปลี่ยนเป็นภาษาไทย

Change to English
 แสดงรายละเอียดบรรณานุกรม
  กลับหน้าหลัก

Brief Record : Get Marc (ISO 2709) : E-mail record : QR code < ปิดหน้าต่าง
LEADER : 00000nam 2200000uu 4500
001    13399120106
003     ULIB
008    120830s2543||||th 000 0 tha d
020    ^a9742935408
060  4 ^aWY105^bม121ร
100 0  ^aมณฑาทิพย์ ไชยศักดิ์
245 10 ^aระเบียบวิธีการสอนการพยาบาลในคลินิก /^cมณฑาทิพย์ ไชยศักดิ์
250    ^aพิมพ์ครั้งที่ 1
260    ^aนนทบุรี :^bโครงการสวัสดิการวิชาการ สถาบันพระบรมราชชนก,^c2543
300    ^a102 หน้า
650  7 ^aการพยาบาล^xการศึกษาและการสอน
710 2  ^aสถาบันพระบรมราชชนก.^bโครงการสวัสดิการวิชาการ
945    ^p100^l0^i19384
945    ^p100^l0^i19385
995    ^aทศพร
999    ^aทศพร เกษรทอง
รายการนี้ยังไม่มีแท็ก
คุณยังไม่ได้ล็อกอิน คุณสามารถมีกิจกรรมร่วมกับเว็บไซต์ได้ แต่ต้องล็อกอินก่อน ::
  ล็อกอิน

รายการสื่อสารสนเทศ

ลำดับที่ ประเภท เลขเรียก/บาร์โค้ด สถานที่ สถานะ
1. วิทยาศาสตร์การแพทย์ และสุขภาพ
วิทยาศาสตร์การแพทย์ และสุขภาพ
สถานะ=หนังสือเก่า
WY105 ม121ร ฉ.2 
  Barcode: 19385
ห้องสมุดวิทยาเขตสวรรค์ประชารักษ์
►หนังสือทั่วไป
ถูกยืม กำหนดส่งวันที่ 4 กรกฎาคม 2568
  จอง

รายการใกล้เคียง
    ผู้แต่ง [มณฑาทิพย์ ไชยศักดิ์]

BibComment


ยังไม่เคยถูกคอมเมนท์

คอมเมนท์ทรัพยากรรายการนี้
  คอมเมนท์: ระเบียบวิธีการสอ..


 Copyright 2026. Bcnsprnw @Library